Una "tercera vía" para la construcción de sistemas económicos (Registro nro. 23077)

Detalles MARC
000 -LEADER
fixed length control field 00353 a2200109 4500
001 - CONTROL NUMBER
control field ART_49718
005 - DATE AND TIME OF LATEST TRANSACTION
control field 20260410161829.0
008 - FIXED-LENGTH DATA ELEMENTS--GENERAL INFORMATION
fixed length control field 260409a
100 1# - MAIN ENTRY--PERSONAL NAME
Personal name Witte, Hermann
245 10 - TITLE STATEMENT
Title Una "tercera vía" para la construcción de sistemas económicos
773 0# - HOST ITEM ENTRY
Title Estudios Económicos
Related parts - Vol. 36, Nº 72 (ene./jun. 2019)
Record control number REV5080

No hay ítems disponibles.